MARC

LEADER 00000nam0a2200000 4500
001 284703
005 20231101235724.0
035 |a (RuTPU)RU\TPU\book\308884 
090 |a 284703 
100 |a 20150217d1955 k y0rusy50 ca 
101 0 |a rus 
102 |a RU 
105 |a a z 001zy 
200 1 |a Материалы Новосибирской конференции по учению о геологических формациях  |a Том 1  |e 31 января-6 февраля 1953 г., Новосибирск  |f Академия наук СССР (АН СССР), Западно-Сибирский филиал, Горно-геологический институт ; под ред. М. К. Коровина 
210 |a Новосибирск  |c Новосибирское кн. изд-во  |d 1955 
215 |a 224 с.  |c ил. 
320 |a Библиогр. в конце докладов 
606 1 |a Геологические формации  |2 stltpush  |3 (RuTPU)RU\TPU\subj\6079  |9 34039 
610 1 |a региональная стратиграфия 
610 1 |a Западная Сибирь 
610 1 |a Казахстан 
610 1 |a Тургайский прогиб 
610 1 |a петрография 
610 1 |a Урал 
610 1 |a Кавказ 
675 |a 551.263  |v 4 
702 1 |a Коровин  |b М. К.  |4 340 
712 0 2 |a Академия наук СССР (АН СССР)  |b Западно-Сибирский филиал  |b Горно-геологический институт  |c (Новосибирск)  |2 stltpush  |3 (RuTPU)RU\TPU\col\3592 
712 1 2 |a Конференция по учению о геологических формациях  |e Новосибирск  |f 1953  |4 570 
801 1 |a RU  |b 63413507  |c 20150217 
801 2 |a RU  |b 63413507  |c 20180302  |g RCR 
942 |c BK